000 00304nam a2200109Ia 4500
008 171211s9999 xx 000 0 und d
245 _aColour Forecasting
245 _cTom Cassidy and Tracy Diane
260 _c2005
650 _xDrawing
856 _uhttp://down.ebook777.com/006/Colour%20Forecasting.pdf
999 _c347989
_d347989